MARC

Tag First Indicator Second Indicator Subfields
LEADER 00000cam a2200000 i 4500
001 in00004021139
005 20181023093811.0
006 m o d f
007 cr mn||||a||||
008 170501s2017 hiuab ob f000 0 eng c
035 |a (OCoLC)ocn984997142 
040 |a OLA  |b eng  |e rda  |e pn  |c OLA  |d OLA  |d OCLCA  |d GPO  |d MvI  |d UtOrBLW 
042 |a pcc 
043 |a n-us-hi 
049 |a WWW 
074 |a 0208-C-23 (online) 
086 0 |a C 55.13/2:NMFS-PIFSC-61 
100 1 |a Suka, Rhonda R.,  |e author.  |0 http://id.loc.gov/authorities/names/no2017095727 
245 1 0 |a Acoustic characterization of mesophotic coral reef ecosystems of West Hawai'i /  |c Rhonda R. Suka, John J. Rooney. 
264 1 |a Honolulu, Hawaii :  |b U.S. Department of Commerce, National Oceanic and Atmospheric Administration, National Marine Fisheries Service, Pacific Islands Fisheries Science Center,  |c 2017. 
300 |a 1 online resource (x, 19 pages) :  |b color illustrations, color maps. 
336 |a text  |b txt  |2 rdacontent 
337 |a computer  |b c  |2 rdamedia 
338 |a online resource  |b cr  |2 rdacarrier 
490 1 |a NOAA technical memorandum NMFS-PIFSC ;  |v 61 
500 |a "April 2017." 
504 |a Includes bibliographical references (pages 16-18). 
536 |a Funding by NOAA Coral Reef Conservation Program, NOAA Office of Habitat Conservation  |f 467 
588 |a Description based on online resource; title from PDF title page (NOAA website, viewed on May 1, 2017). 
650 0 |a Corals  |x Habitat  |x Monitoring  |z Hawaii. 
650 0 |a Deep sea corals  |x Habitat  |x Monitoring  |z Hawaii. 
650 0 |a Benthos  |x Monitoring  |z Hawaii. 
650 0 |a Multibeam mapping  |z Hawaii. 
700 1 |a Rooney, John J. B.  |q (John Joseph Bowman),  |e author.  |0 http://id.loc.gov/authorities/names/no2007124780 
710 2 |a Pacific Islands Fisheries Science Center (U.S.),  |e issuing body.  |0 http://id.loc.gov/authorities/names/no2004065055 
710 2 |a Coral Reef Conservation Program (U.S.)  |0 http://id.loc.gov/authorities/names/no2006065514 
710 1 |a United States.  |b National Marine Fisheries Service.  |b Office of Habitat Conservation.  |0 http://id.loc.gov/authorities/names/no97011665 
830 0 |a NOAA technical memorandum NMFS-PIFSC ;  |v 61.  |0 http://id.loc.gov/authorities/names/no2004088834 
856 4 0 |u https://purl.fdlp.gov/GPO/gpo93719  |t 0 
999 f f |s db65d0e2-44ad-39d4-a968-ba117820569e  |i 56a68f20-5f32-33f7-8765-6c35b9058e1b  |t 0 
952 f f |a Texas A&M University  |b College Station  |c Electronic Resources  |d Available Online  |t 0  |e C 55.13/2:NMFS-PIFSC-61  |h Superintendent of Documents classification 
998 f f |a C 55.13/2:NMFS-PIFSC-61  |t 0  |l Available Online